| 000 | 00443nam a2200109Ia 4500 | ||
|---|---|---|---|
| 008 | 171204s9999 xx 000 0 und d | ||
| 245 | _aAdolescent Identity Treatment: An Integrative Approach for Personality Pathology: | ||
| 245 | _cAndrés Borzutzky H., Anna E. Odom, Helen T. Arena, Pamela A. Foelsch, and Susanne Schlüter-Müller | ||
| 260 | _c2014 | ||
| 650 | _xPERSONALITY THEORIES | ||
| 856 | _uhttp://down.ebook777.com/053/3319068679.pdf | ||
| 999 |
_c346479 _d346479 |
||